Smallholder rubber in South Sumatra: Towards economic improvement (Record no. 75435)

MARC details
000 -LEADER
fixed length control field 00316nam a22000977a 4500
100 ## - MAIN ENTRY--AUTHOR NAME
Personal name BARLOW, Colin
-- MUHARMINTO
245 ## - TITLE STATEMENT
Title Smallholder rubber in South Sumatra: Towards economic improvement
260 ## - PUBLICATION, DISTRIBUTION, ETC. (IMPRINT)
Place of publication Bogor, Indonesia
Name of publisher Balai Penelitian Perkebunan (Plantation Research Center)
Year of publication 1982
300 ## - PHYSICAL DESCRIPTION
Number of Pages 77p.
942 ## - ADDED ENTRY ELEMENTS (KOHA)
Koha item type Books
Holdings
Withdrawn status Lost status Damaged status Not for loan Home library Current library Date acquired Koha item type
        RRII Library RRII Library 19/03/2025 Reprints